QUEST Central Library Banner

How to write effective business english (Record no. 10334)

MARC details
000 -LEADER
fixed length control field 01368nmm a2200181 a 4500
100 1# - MAIN ENTRY--AUTHOR NAME
Personal name Talbot, Fiona.
245 10 - TITLE STATEMENT
Title How to write effective business english
260 ## - PUBLICATION, DISTRIBUTION, ETC. (IMPRINT)
Place of publication [S.l.] :
Name of publisher Kogan Page,
Year of publication 2009.
300 ## - PHYSICAL DESCRIPTION
Number of Pages 1 online resource (152 p.)
490 1# - SERIES STATEMENT
Series statement Better business english.
500 ## - GENERAL NOTE
General note Kindle eBook.
520 ## - SUMMARY, ETC.
Summary, etc How to Write Effective Business English gives guidance to both native and non-native English writers on how to create clear messages and understand how English is used internationally in business today. It may mean un-learning things you were taught at school. The book is aimed at those beginning to use English at work and assumes you know it to intermediate level. It uses real life business scenarios to develop your skills and give answers even your boss may not know. You will learn a system to help you quickly and easily write emails, letters, CVs and more - and benefit from checklists for action to take you to the next level in the cycle of success.
856 40 - ELECTRONIC LOCATION AND ACCESS
Uniform Resource Identifier http://www.amazon.com/exec/obidos/ASIN/B00AXDJGMM/chopaconline-20
Holdings
Withdrawn status Lost status Home library Current library Date acquired Full call number Accession Number Koha item type
    Seminar Library, Department of English Seminar Library, Department of English 24/09/2014 TAL D929 Books

Copyright © 2018,The QUEST, Nawabshah, Shaheed Benazirabad. All rights reserved
Mr. G. Farooq Channar (Librarian) QUEST, Nawabshah, Sindh, Pakistan 67480.
 Ph#: |   0244-9370381-4 Ext. 2308   Email| lib@quest.edu.pk   Web|  http://www.quest.edu.pk